00651 2200169 4500245003600000020002200036250001100058100001400069650001700083005001900100260003200119041001400151084000800165300002200173500027700195336000900472 aPulang - PergicTere LiyehText a978-623-95545-2-1 aCet. 1 aTere Liye aNovel Remaja a20240109104309 aDepokbSabak Grip Nusantara aIndonesia a813 a414 hlm. 20 cm. : a"Ada jodoh yang ditemukan lewat tatapan pertama. Ada persahabatan yang diawali lewat sapa hangat. Bagaimana jika takdir bersama ternyata, diawali denga pertarungan mematikan? Lantas semua cerita berkelindan dengan, pengajaran demi pengajaran mencari jawaban? Pulang-Pergi" atext